Netherlands Euro 2024 Squad - Statistics

General Stats
  • This quiz has been taken 24 times
  • The average score is 19 of 26
Answer Stats
Position Club Player % Correct
DF Tottenham Hotspur Micky van de Ven
100%
DF Liverpool Virgil van Dijk
100%
FW Liverpool Cody Gakpo
91%
FW Corinthians Memphis Depay
91%
DF Inter Milan Denzel Dumfries
87%
DF Manchester United Matthijs de Ligt
87%
DF Manchester City Nathan Ake
87%
GK Brighton & Hove Albion Bart Verbruggen
83%
FW Borussia Dortmund Donyell Malen
83%
FW Bayer Leverkusen Jeremie Frimpong
83%
FW Manchester United Joshua Zirkzee
83%
FW RB Leipzig Xavi Simons
83%
DF Girona Daley Blind
78%
DF Inter Milan Stefan de Vrij
78%
MF AC Milan Tijjani Reijnders
74%
FW Ajax Brian Brobbey
70%
MF Liverpool Ryan Gravenberch
70%
GK Brentford Mark Flekken
65%
GK Feyenoord Justin Bijlow
61%
FW Al-Ittihad Steven Bergwijn
61%
FW Ajax Wout Weghorst
61%
MF Al-Ettifaq Georginio Wijnaldum
57%
MF Aston Villa Ian Maatsen
57%
DF RB Leipzig Lutsharel Geertruida
57%
MF PSV Eindhoven Jerdy Schouten
52%
MF PSV Eindhoven Joey Veerman
52%
No matching quizzes found
Score Distribution
Percent of People with Each Score
Percentile by Number Answered
Your Score History
You have not taken this quiz